02373nam a22002177a 4500003000400000005001700004008004100021022001300062040000800075050001500083245009500098260004400193300001900237362002800256490003500284500002400319504005600343505163600399526008902035650003102124OSt20231102151927.0160509s2011 sp ||||| |||| 000 0 spa d 218875696 cUIN aJF1355 N8400aNuevas tendencias en gestión públicab: bases conceptuales y aplicaciones prácticas.3 aBarcelona (España)b: Profitc, 2011. a253 páginas. aNúmero 13, año 20110 aContabilidad y direcciónv13 aISBN: 9788415330707 aIncluye bibliografía al final de cada capítulo.0 aPrimera parte: Notas técnicas Eficacia, eficiencia y gasto público ¿cómo mejorar?, por: Diego Prior La ley de economía sostenible: la sostenibilidad financiera del sector público, por: María Petra Sáiz El análisis de los estados financieros en el sector público: el caso de los ayuntamientos, por: Jordi Mabras La gestión de costes en el sector público, por. Pilar Soldevila y Carlos Vivas Responsabilidad social de las administraciones públicas, por: Josep Maria Canyelles Aplicación de las nuevas tecnologías en la Administración Pública, por: Luis Pardo Segunda parte: Artículos doctrinales De la New Public Management a la Post New Public Management, evolución de las reformas en la gestión de las administraciones públicas españolas, por: Gemma Pérez, David Ortiz, José Luis Zafra y Laura Alcaide El impacto de la crisis económica sobre la condición financiera y el endeudamiento en la administración local española, por: JoseLuis Zafra,Ana María Plata, Manuel Pedro Rodríguez y Antonio M. López Contabilidad pública vs. Contabilidad privada. La reforma de la contabilidad pública frente a la empresarial, por: Iabel Brusca y Emilio Martín. Tercera parte: Casos prácticos Ayuntamiento de Sant Cugat del Valles: un sistema de costes ABC y un nuevo modelo de formulación e implementación presupuestaria, por: Carlos Vivas El control y la optimización de los RRHH a través de indicadores de gestión, por: Lucia Clara Banchieri,Fernando Campa y Emma Gorgori Análisis del ECPN y el EFE en el sector público, por: Nuria Arimany y Carme Viladecans. aEducación mixta /bContabilidad /cContabilidad gubernamental (P27) /d(04 006216)14aADMINISTRACIÓN PÚBLICA